000 00678nam a2200241Ia 4500
003 OSt
005 20221007080915.0
006 a|||||r|||| 00| 0
007 ta
008 221006b |||||||| |||| 00| 0 eng d
024 _a27,818
037 _cReports / Technical Reports
040 _aFLL
_cFLL
_beng
041 _2eng
_aeng
082 _aZ73:2:93, K9
100 _aBrown Curtis M.
_9695842
245 0 _aBoundary control and legal principles
250 _a2nd
260 _aNew York
_bHJonh Wiley & Sons , Inc.
_c1969
300 _aix,371p
_ccm.
942 _hZ73:2:93, K9
_cREP
_2CC
999 _c1161313
_d1161313